| 000 | 00714nam a2200217 a 4500 | ||
|---|---|---|---|
| 005 | 20260417064121.0 | ||
| 008 | 010918s2000 r 000 0 eng d | ||
| 020 | _a9707010126 | ||
| 035 | _aUPN01000111647 | ||
| 049 | _aCG | ||
| 050 | 4 |
_aLC197 _bC6.6 |
|
| 245 | 0 | 0 |
_aConstruyendo la diversidad : _bnuevas orientaciones en género y educación / _ccoord. Rosa María González Jiménez. |
| 260 |
_aMéxico: _bUPN : _bM. A. Porrúa, _c2000. |
||
| 300 | _a279 p. | ||
| 590 | _a(También localizas un ejemplar en el "Area de Reserva") | ||
| 590 | _aBibliografía Básica (BGTQ) | ||
| 650 | 4 |
_aFeminismo y educación _99163 |
|
| 650 | 4 |
_aEducación _xAspectos sociales _95311 |
|
| 902 | _aMCM/tgg | ||
| 905 | _aLibro | ||
| 999 |
_c85555 _d85555 |
||